| 000 | 00000nam##2200000za#4500 |
| 001 | 9.569639 |
| 003 | CaOODSP |
| 005 | 20210624181850 |
| 007 | cr ||||||||||| |
| 008 | 150406|2003||||xxc|||||o f|0| 0 eng|d |
| 040 | |aCaOODSP|beng |
| 043 | |an-cn--- |
| 086 | 1 |aNH18-1/118-2003E-PDF |
| 110 | 2 |aCanada Mortgage and Housing Corporation. |
| 245 | 10|aHousing, long term care facilities and services for homeless and low-income urban Aboriginal Peoples living with HIV/AIDS : |h[electronic resource]|bissues identification paper, final report / |csubmitted by Susan Judith Ship and Laura Norton. |
| 260 | |aOttawa - Ontario : |bCanada Mortgage and Housing Corporation |c2003. |
| 300 | |a64p.|bglossary |
| 490 | 1 |aResearch report |
| 504 | |aBibliography. |
| 546 | |a(Résumé en français.) |
| 590 | |a12-28-Supp|b2012-06-15 |
| 720 | 1 |aShip, Susan Judith |
| 720 | 1 |aNorton, Laura |
| 830 | #0|aResearch report (Canada Mortgage and Housing Corporation : Online)|w(CaOODSP)9.506068 |
| 856 | 40|ahttp://publications.gc.ca|qPDF|s4 MB|uhttps://publications.gc.ca/collections/collection_2011/schl-cmhc/nh18-1/NH18-1-118-2003-eng.pdf |